000 00888nam a2200241Ia 4500
003 OSt
005 20220923225203.0
006 a|||||r|||| 00| 0
007 ta
008 220922b |||||||| |||| 00| 0 hin d
024 _a259,506
037 _cTextual
040 _aARTS
_cARTS
_bhin
041 _2hin
_ahin
082 _aO152,1H90,1, K7.4
100 _aपरशुराम देव; शर्मा, रामप्रसाद, संपा.
_9168479
245 0 _aपरशुराम पदावली
246 _aParashurām padāvalī
260 _aजयपुर
_b करेट बुक कम्पनी
_c1967
650 _aहिन्दी साहित्य
_9156264
942 _hO152,1H90,1, K7.4
_cTEXL
_2CC
999 _c376603
_d376603